[Event "Zagreb op-B"]
[Site "Zagreb"]
[Date "2012.03.07"]
[Round "3"]
[White "Strniscak, Tomislav"]
[Black "Stankovic, Andrej"]
[Result "1-0"]
[WhiteElo "2220"]
[BlackElo "2105"]
[PlyCount "63"]
[EventDate "2012.03.05"]
[EventType "swiss"]
[EventRounds "9"]
[EventCountry "CRO"]
[SourceTitle "CBM 147 Extra"]
[Source "ChessBase"]
[SourceDate "2012.04.24"]
[SourceVersion "1"]
[SourceVersionDate "2012.04.24"]
[SourceQuality "1"]

1. e4 g6 2. d4 Bg7 3. Nc3 c5 4. Nf3 Qa5 5. Be3 Nc6 6. Qd2 Nf6 7. h3 cxd4 8. Nxd4 Nxd4 9. Qxd4 0-0 10. Qd2 Qb4 11. Bd3 Qxb2 12. Rb1 Qa3 13. Nb5 Qxa2 14. 0-0 Ne8 15. Rb3 a6 16. Na3 Nd6 17. f4 Nb5 18. Nc4 d5 19. exd5 Nd6 20. Nb6 Rb8 21. Bc5 Bf5 22. Bxf5 gxf5 23. Bxd6 exd6 24. Nd7 Rbc8 25. Rg3 Rxc2 26. Qd3 Qb2 27. Qxf5 Rd8 28. Nf6+ Kf8 29. Nxh7+ Kg8 30. Ng5 Qf6 31. Qh7+ Kf8 32. Qxc2 1-0

[Event "Zagreb op-B"]
[Site "Zagreb"]
[Date "2011.04.17"]
[Round "8"]
[White "Strniscak, Tomislav"]
[Black "Turk, Karlo"]
[Result "1-0"]
[WhiteElo "2212"]
[BlackElo "1986"]
[PlyCount "101"]
[EventDate "2011.04.11"]
[EventType "swiss"]
[EventRounds "9"]
[EventCountry "CRO"]
[SourceTitle "CBM 141 Extra"]
[Source "ChessBase"]
[SourceDate "2011.05.03"]
[SourceVersion "1"]
[SourceVersionDate "2011.05.03"]
[SourceQuality "1"]

1. e4 e6 2. d4 d5 3. e5 c5 4. c3 Nc6 5. Nf3 Rb8 6. Be2 b5 7. 0-0 Qb6 8. dxc5 Bxc5 9. b4 Bf8 10. Be3 Qc7 11. Nd4 Nxd4 12. Bxd4 Ne7 13. a4 a6 14. axb5 axb5 15. Ra7 Qc6 16. Ra5 Bd7 17. Na3 Qc8 18. Nxb5 Nc6 19. Na7 Nxa7 20. Bxa7 Ra8 21. Qd4 Be7 22. Rfa1 0-0 23. Bf3 Bd8 24. R5a3 Bb5 25. Bc5 Rxa3 26. Rxa3 Re8 27. Ra7 Qb8 28. Qe3 Bc7 29. Bd4 Rc8 30. h3 g6 31. Qf4 Be8 32. Qe3 Bb5 33. h4 Bd8 34. h5 Rc7 35. Ra1 Be7 36. g3 Qf8 37. Kg2 h6 38. hxg6 fxg6 39. Bg4 Bd7 40. Qd3 Kf7 41. Ra6 Qc8 42. Ra1 h5 43. Bf3 Qh8 44. Qe3 Be8 45. Ra8 g5 46. Bxd5 Kg6 47. Ra6 Bd7 48. Bxe6 Bxe6 49. Rxe6+ Kf7 50. Ra6 Qc8 51. Qf3+ 1-0

[Event "Zagreb op-B"]
[Site "Zagreb"]
[Date "2011.04.16"]
[Round "7"]
[White "Brankovic, Ljubomir"]
[Black "Strniscak, Tomislav"]
[Result "0-1"]
[WhiteElo "2055"]
[BlackElo "2212"]
[PlyCount "50"]
[EventDate "2011.04.11"]
[EventType "swiss"]
[EventRounds "9"]
[EventCountry "CRO"]
[SourceTitle "CBM 141 Extra"]
[Source "ChessBase"]
[SourceDate "2011.05.03"]
[SourceVersion "1"]
[SourceVersionDate "2011.05.03"]
[SourceQuality "1"]

1. e4 e5 2. Nc3 Nc6 3. Bc4 Nf6 4. Nf3 Nxe4 5. Bxf7+ Kxf7 6. Nxe4 d5 7. Neg5+ Kg8 8. h4 h6 9. d3 hxg5 10. Bxg5 Be7 11. Qd2 e4 12. dxe4 dxe4 13. Qxd8+ Bxd8 14. Nh2 Bxg5 15. hxg5 Bf5 16. 0-0-0 Rd8 17. Rde1 Kf7 18. g4 Bg6 19. f4 exf3 20. Nxf3 Rxh1 21. Rxh1 Be4 22. Rf1 Bxf3 23. Rxf3+ Kg6 24. c3 Rd7 25. Rf5 Re7 0-1

[Event "Zagreb op-B"]
[Site "Zagreb"]
[Date "2011.04.12"]
[Round "2"]
[White "Strniscak, Tomislav"]
[Black "Valkovic, Kristian"]
[Result "0-1"]
[WhiteElo "2212"]
[BlackElo "2078"]
[PlyCount "76"]
[EventDate "2011.04.11"]
[EventType "swiss"]
[EventRounds "9"]
[EventCountry "CRO"]
[SourceTitle "CBM 141 Extra"]
[Source "ChessBase"]
[SourceDate "2011.05.03"]
[SourceVersion "1"]
[SourceVersionDate "2011.05.03"]
[SourceQuality "1"]

1. e4 e6 2. d4 d5 3. Nd2 Nf6 4. e5 Nfd7 5. Bd3 c5 6. c3 Nc6 7. Ne2 Rb8 8. f4 g6 9. Nf3 b5 10. h4 h5 11. Ng5 Qb6 12. Be3 b4 13. 0-0 Ba6 14. Ng3 Bxd3 15. Qxd3 c4 16. Qe2 bxc3 17. bxc3 Qb2 18. Bd2 Ba3 19. f5 gxf5 20. Nxf5 exf5 21. e6 fxe6 22. Qxe6+ Ne7 23. Bc1 Qxc3 24. Bxa3 Qxa3 25. Rae1 Rb6 26. Qxd5 Rf8 27. Qxc4 Qa6 28. Qd5 Qb7 29. Qc4 Qc6 30. Qe2 Qf6 31. d5 Nc5 32. Nh7 Qd4+ 33. Kh1 Qxh4+ 34. Kg1 Rf7 35. d6 Qd4+ 36. Kh1 Ne4 37. Qf3 Rxd6 38. Rb1 Rxh7 0-1

[Event "CRO-chT4 Center-A"]
[Site "Zagreb"]
[Date "2011.03.13"]
[Round "1.31"]
[White "Strniscak, Tomislav"]
[Black "Stracenski, Kresimir"]
[Result "1-0"]
[WhiteElo "2212"]
[BlackElo "2151"]
[PlyCount "69"]
[EventDate "2011.03.13"]
[EventType "team-tourn"]
[EventRounds "7"]
[EventCountry "CRO"]
[SourceTitle "EXT 2014"]
[Source "ChessBase"]
[SourceDate "2013.11.20"]
[SourceVersion "1"]
[SourceVersionDate "2013.11.20"]
[SourceQuality "1"]

1. e4 Nf6 2. e5 Nd5 3. d4 d6 4. Nf3 dxe5 5. Nxe5 c6 6. Bc4 Nd7 7. 0-0 Nxe5 8. dxe5 Bf5 9. Qe2 h5 10. Re1 e6 11. Bd3 Bxd3 12. Qxd3 Qc7 13. a3 g6 14. c4 Ne7 15. Bg5 Nf5 16. Nc3 Be7 17. Bxe7 Qxe7 18. Ne4 0-0 19. Nf6+ Kg7 20. Qd2 Rad8 21. Qg5 Rh8 22. Rad1 Rxd1 23. Rxd1 Qc5 24. Nd7 Qe7 25. Qf6+ Qxf6 26. exf6+ Kh7 27. Ne5 Nh6 28. Rd7 Rb8 29. Nxf7 Nxf7 30. Rxf7+ Kh6 31. Rd7 Kg5 32. f7 Kf6 33. Rxb7 Rd8 34. Kf1 Kg7 35. Rxa7 1-0

[Event "Velika Gorica op 9th"]
[Site "Velika Gorica"]
[Date "2010.08.29"]
[Round "7"]
[White "Fercec, Nenad"]
[Black "Strniscak, Tomislav"]
[Result "1-0"]
[WhiteElo "2498"]
[BlackElo "2203"]
[PlyCount "71"]
[EventDate "2010.08.23"]
[EventType "swiss"]
[EventRounds "9"]
[EventCountry "CRO"]
[SourceTitle "CBM 138 Extra"]
[Source "ChessBase"]
[SourceDate "2010.10.29"]
[SourceVersion "1"]
[SourceVersionDate "2010.10.29"]
[SourceQuality "1"]

1. e4 e5 2. Nf3 Nf6 3. d4 Nxe4 4. Bd3 Nc6 5. dxe5 Nc5 6. 0-0 Nxd3 7. Qxd3 Be7 8. Nc3 0-0 9. Nd5 f6 10. exf6 Bxf6 11. Bf4 d6 12. Rad1 Bg4 13. h3 Bh5 14. g4 Bg6 15. Qb3 Kh8 16. Rfe1 Qd7 17. Bg3 b6 18. Re3 Bd8 19. c4 Na5 20. Qc3 Qf7 21. b3 Nb7 22. Nd4 Nc5 23. Rde1 Bf6 24. Qd2 Rac8 25. b4 Nd7 26. Re7 Bxe7 27. Rxe7 Qg8 28. Rxd7 c6 29. Ne7 Qf7 30. Nxg6+ Qxg6 31. Nf5 Rf7 32. Rxd6 Rf6 33. Rd7 Rf7 34. Rxf7 Qxf7 35. Be5 Kg8 36. Qg5 1-0

[Event "Velika Gorica op 9th"]
[Site "Velika Gorica"]
[Date "2010.08.26"]
[Round "4"]
[White "Strniscak, Tomislav"]
[Black "Maleskic, Bernard"]
[Result "1-0"]
[WhiteElo "2203"]
[BlackElo "1896"]
[PlyCount "73"]
[EventDate "2010.08.23"]
[EventType "swiss"]
[EventRounds "9"]
[EventCountry "CRO"]
[SourceTitle "CBM 138 Extra"]
[Source "ChessBase"]
[SourceDate "2010.10.29"]
[SourceVersion "1"]
[SourceVersionDate "2010.10.29"]
[SourceQuality "1"]

1. e4 e5 2. Nf3 Nc6 3. Bc4 Bc5 4. c3 Nf6 5. d3 h6 6. b4 Bd6 7. 0-0 0-0 8. Re1 a6 9. a4 Be7 10. Nbd2 d6 11. Nf1 Be6 12. Qb3 Bxc4 13. Qxc4 Nh5 14. Ne3 g6 15. Ng4 Bg5 16. Nxh6+ Bxh6 17. Bxh6 Re8 18. b5 Na5 19. Qb4 b6 20. Rad1 Qf6 21. d4 Kh7 22. Bg5 Qe6 23. dxe5 dxe5 24. Bd8 Qc8 25. Bg5 Qe6 26. Rd5 f6 27. Red1 Re7 28. Rxe5 fxe5 29. Qxe7+ Qxe7 30. Bxe7 axb5 31. axb5 Nf4 32. Rd7 Nc4 33. Bf6+ Kg8 34. h3 Ne2+ 35. Kh2 Nxc3 36. Rg7+ Kf8 37. Ng5 1-0

[Event "Velika Gorica op 9th"]
[Site "Velika Gorica"]
[Date "2010.08.24"]
[Round "2"]
[White "Strniscak, Tomislav"]
[Black "Cupic, Lovro"]
[Result "1/2-1/2"]
[WhiteElo "2203"]
[BlackElo "1988"]
[PlyCount "109"]
[EventDate "2010.08.23"]
[EventType "swiss"]
[EventRounds "9"]
[EventCountry "CRO"]
[SourceTitle "CBM 138 Extra"]
[Source "ChessBase"]
[SourceDate "2010.10.29"]
[SourceVersion "1"]
[SourceVersionDate "2010.10.29"]
[SourceQuality "1"]

1. d4 Nf6 2. Nf3 g6 3. g3 Bg7 4. Bg2 0-0 5. 0-0 d5 6. Re1 c5 7. e3 Nc6 8. Nbd2 Re8 9. dxc5 e5 10. c4 Qe7 11. cxd5 Nxd5 12. Ne4 Rd8 13. Nd6 Nc7 14. Qa4 Na6 15. Ne4 Nxc5 16. Nxc5 Qxc5 17. Ng5 Qb4 18. Qxb4 Nxb4 19. Rf1 f5 20. e4 h6 21. Nf3 fxe4 22. Nh4 g5 23. Ng6 Kf7 24. Bxe4 Rd4 25. Bb1 Nd3 26. Be3 Rd8 27. f4 Kxg6 28. fxe5 Bxe5 29. Bc2 Bg4 30. Rad1 Bxd1 31. Rxd1 Bxb2 32. Bxd3+ Kg7 33. Kf1 Re8 34. Kf2 Rad8 35. Bxa7 Ra8 36. Bc5 Rxa2 37. Kf3 Ra5 38. Bb4 Rd5 39. Rd2 g4+ 40. Kf2 Bd4+ 41. Kf1 Be3 42. Bc3+ Kf8 43. Bb4+ Bc5 44. Rf2+ Kg7 45. Bc3+ Bd4 46. Bc4 Rd7 47. Bb5 Bxc3 48. Bxd7 Re1+ 49. Kg2 Bd4 50. Rf1 Rxf1 51. Kxf1 h5 52. h3 gxh3 53. Bxh3 Kf6 54. Bd7 Ke7 55. Bb5 1/2-1/2

[Event "CRO-chT4A Center"]
[Site "Zagreb"]
[Date "2010.04.11"]
[Round "3.61"]
[White "Strniscak, Tomislav"]
[Black "Brkic, Djordje2222"]
[Result "1-0"]
[WhiteElo "2202"]
[BlackElo "2165"]
[PlyCount "47"]
[EventDate "2010.03.21"]
[EventType "team-tourn"]
[EventRounds "11"]
[EventCountry "CRO"]
[SourceTitle "EXT 2012"]
[Source "ChessBase"]
[SourceDate "2011.11.24"]
[SourceVersion "1"]
[SourceVersionDate "2011.11.24"]
[SourceQuality "1"]

1. e4 e6 2. d4 d5 3. Nd2 b6 4. Ngf3 Bb7 5. Bb5+ c6 6. Bd3 Nd7 7. 0-0 Be7 8. Re1 a5 9. exd5 cxd5 10. Bb5 Ngf6 11. Ne5 0-0 12. Ndf3 Rc8 13. c3 Nxe5 14. Nxe5 Qc7 15. Bg5 Rcd8 16. Qa4 Kh8 17. Re3 Bd6 18. Rae1 h6 19. Rh3 Be7 20. Bxf6 gxf6 21. Qc2 Kg7 22. Rg3+ Kh8 23. Qd2 Kh7 24. Rh3 1-0

[Event "CRO-chT4A Center"]
[Site "Zagreb"]
[Date "2010.03.28"]
[Round "2.11"]
[White "Mrdja, Branislav"]
[Black "Strniscak, Tomislav"]
[Result "0-1"]
[WhiteElo "2138"]
[BlackElo "2202"]
[PlyCount "138"]
[EventDate "2010.03.21"]
[EventType "team-tourn"]
[EventRounds "11"]
[EventCountry "CRO"]
[SourceTitle "EXT 2012"]
[Source "ChessBase"]
[SourceDate "2011.11.24"]
[SourceVersion "1"]
[SourceVersionDate "2011.11.24"]
[SourceQuality "1"]

1. e4 e5 2. Nf3 Nc6 3. d4 exd4 4. Bc4 Nf6 5. e5 d5 6. exf6 dxc4 7. 0-0 Be6 8. fxg7 Bxg7 9. Bg5 Qd7 10. Nbd2 Qd5 11. Re1 0-0 12. Ne4 f6 13. Bf4 Bf5 14. Nc3 Qd7 15. Nb5 d3 16. cxd3 cxd3 17. Nxc7 Rac8 18. Nh4 Nd4 19. Qh5 d2 20. Rf1 Bg4 21. Qd5+ Qxd5 22. Nxd5 Ne2+ 23. Kh1 Nxf4 24. Nxf4 d1Q 25. Rfxd1 Bxd1 26. Rxd1 Rc2 27. Nf5 Rxf2 28. g3 Re8 29. Kg1 Rxb2 30. Nh5 Bh8 31. Kf1 Kf8 32. h4 Rh2 33. Rd7 Rc8 34. Kg1 Re2 35. Rd1 Rec2 36. Rd7 Rxa2 37. Rd1 Rac2 38. Rd7 R2c7 39. Rd6 b5 40. Nf4 Kf7 41. Nh6+ Kg7 42. Nf5+ Kf7 43. Nh6+ Ke8 44. Nf5 Rc6 45. Rd5 Rc5 46. Nd6+ Kd7 47. Rd4 f5 48. Rd3 Rc1+ 49. Kf2 R8c2+ 50. Ne2 Kc6 51. Nxf5 Be5 52. Ne7+ Kc7 53. Nd5+ Kb7 54. Nb4 Rb2 55. Rd5 Bc7 56. Nd3 Bb6+ 57. Kf3 Rf1+ 58. Kg2 Rbb1 59. Nc3 Rg1+ 60. Kh3 Rb3 61. Ne4 Ra3 62. Ne5 h5 63. Rxb5 Rh1+ 64. Kg2 Rg1+ 65. Kh3 Ra2 66. g4 Ra3+ 67. Kh2 Re1 68. Nc5+ Kc8 69. Nb3 Rxe5 0-1

[Event "CRO-chT4A Center"]
[Site "Zagreb"]
[Date "2010.03.21"]
[Round "1.61"]
[White "Ganic, Martin"]
[Black "Strniscak, Tomislav"]
[Result "1-0"]
[WhiteElo "2080"]
[BlackElo "2202"]
[PlyCount "111"]
[EventDate "2010.03.21"]
[EventType "team-tourn"]
[EventRounds "11"]
[EventCountry "CRO"]
[SourceTitle "EXT 2012"]
[Source "ChessBase"]
[SourceDate "2011.11.24"]
[SourceVersion "1"]
[SourceVersionDate "2011.11.24"]
[SourceQuality "1"]

1. Nf3 Nf6 2. g3 d5 3. Bg2 Bf5 4. 0-0 c6 5. d3 e6 6. Nbd2 Be7 7. Re1 0-0 8. h3 Nbd7 9. e4 dxe4 10. dxe4 Bg6 11. Nh4 Bh5 12. g4 Ne8 13. Nhf3 Bg6 14. Qe2 e5 15. Nf1 Qc7 16. Ng3 Nef6 17. Nd2 Ne8 18. Nc4 Nc5 19. Be3 b5 20. Nd2 Rd8 21. Nf5 Ne6 22. Nf3 f6 23. a4 b4 24. Qc4 Bd6 25. N3h4 Bf7 26. Nxd6 Nxd6 27. Qxb4 c5 28. Qc3 Nd4 29. b3 Rc8 30. Nf5 N6xf5 31. exf5 Rfd8 32. Rac1 Kf8 33. Be4 Bd5 34. Bxd4 cxd4 35. Qb4+ Qd6 36. Qa5 Rc3 37. Kg2 Bxe4+ 38. Rxe4 Rdc8 39. Qxa7 Qd5 40. f3 d3 41. Rd1 Rxc2+ 42. Kg3 Qxb3 43. Qa6 R2c3 44. Qd6+ Kg8 45. Rd2 Qb1 46. Qe6+ Kh8 47. g5 fxg5 48. f6 R3c6 49. fxg7+ Kxg7 50. Qxe5+ Kg6 51. Re1 Qb4 52. Rxd3 Qh4+ 53. Kg2 Rc2+ 54. Re2 Qxa4 55. Qe6+ Kh5 56. Qf7+ 1-0

[Event "Zagreb op-B"]
[Site "Zagreb"]
[Date "2010.03.04"]
[Round "9"]
[White "Havas, Janko"]
[Black "Strniscak, Tomislav"]
[Result "1/2-1/2"]
[WhiteElo "2090"]
[BlackElo "2202"]
[PlyCount "48"]
[EventDate "2010.02.25"]
[EventType "swiss"]
[EventRounds "9"]
[EventCountry "CRO"]
[SourceTitle "CBM 135 Extra"]
[Source "ChessBase"]
[SourceDate "2010.05.04"]
[SourceVersion "1"]
[SourceVersionDate "2010.05.04"]
[SourceQuality "1"]

1. d4 d6 2. Nf3 Nd7 3. e4 Ngf6 4. e5 Nd5 5. Bc4 e6 6. 0-0 Be7 7. Bxd5 exd5 8. exd6 Bxd6 9. Re1+ Be7 10. Bg5 Nf6 11. Bxf6 gxf6 12. Qd3 c6 13. Nbd2 Be6 14. Nb3 Qd7 15. Nc5 Bxc5 16. dxc5 0-0-0 17. Qd4 f5 18. Re3 Rhg8 19. Ne5 Qe7 20. f4 Rde8 21. Rae1 f6 22. Nf3 Qg7 23. g3 Bd7 24. Qd3 Re4 1/2-1/2

[Event "Zagreb op-B"]
[Site "Zagreb"]
[Date "2010.02.28"]
[Round "4"]
[White "Strniscak, Tomislav"]
[Black "Jakupec, Denis"]
[Result "1-0"]
[WhiteElo "2202"]
[BlackElo "2090"]
[PlyCount "35"]
[EventDate "2010.02.25"]
[EventType "swiss"]
[EventRounds "9"]
[EventCountry "CRO"]
[SourceTitle "CBM 135 Extra"]
[Source "ChessBase"]
[SourceDate "2010.05.04"]
[SourceVersion "1"]
[SourceVersionDate "2010.05.04"]
[SourceQuality "1"]

1. e4 c5 2. c3 Nf6 3. e5 Nd5 4. d4 cxd4 5. Nf3 d6 6. Bc4 e6 7. cxd4 Nc6 8. Qe2 Be7 9. 0-0 0-0 10. Qe4 Nb6 11. Bd3 g6 12. Bh6 Re8 13. a3 Nd7 14. Qf4 Qc7 15. Re1 dxe5 16. dxe5 Ndxe5 17. Nxe5 Bd6 18. Bb5 1-0

[Event "Ivanic CC-ch"]
[Site "Ivanic Grad"]
[Date "2009.02.08"]
[Round "1"]
[White "Trempetic, Mladen"]
[Black "Strniscak, Tomislav"]
[Result "0-1"]
[WhiteElo "2058"]
[BlackElo "2187"]
[PlyCount "86"]
[EventDate "2009.02.08"]
[EventType "tourn"]
[EventRounds "5"]
[EventCountry "CRO"]
[SourceTitle "EXT 2019"]
[Source "ChessBase"]
[SourceDate "2018.10.10"]
[SourceVersion "1"]
[SourceVersionDate "2018.10.10"]
[SourceQuality "1"]

1. e4 e5 2. Nf3 Nf6 3. Bc4 Nc6 4. 0-0 Bc5 5. b4 Bxb4 6. c3 Be7 7. Re1 0-0 8. d4 d6 9. h3 h6 10. a4 Re8 11. a5 Bf8 12. Qb3 Qd7 13. d5 Ne7 14. Bb5 c6 15. Ba4 Qc7 16. Nbd2 Bd7 17. c4 Ng6 18. Nf1 Nh5 19. Bd2 Nhf4 20. Re3 Be7 21. Ng3 Qc8 22. a6 Rb8 23. axb7 Rxb7 24. dxc6 Bxc6 25. Qa2 Bf8 26. Ra3 Ree7 27. Be3 Rec7 28. Bxc6 Rxc6 29. Rxa7 Rxa7 30. Qxa7 Rxc4 31. Qa8 d5 32. exd5 Qxa8 33. Rxa8 Nxd5 34. Nf5 Nxe3 35. Nxe3 Rc1+ 36. Kh2 Kh7 37. Nf5 Bc5 38. Ra2 Rf1 39. Ne3 Rc1 40. g3 Rc3 41. Re2 f5 42. Kg2 e4 43. Nh2 f4 0-1

[Event "Ivanic Grad CC-ch"]
[Site "Ivanic Grad"]
[Date "2008.03.09"]
[Round "6"]
[White "Strniscak, Tomislav"]
[Black "Trempetic, Mladen"]
[Result "1-0"]
[WhiteElo "2164"]
[BlackElo "2060"]
[PlyCount "49"]
[EventDate "2008.02.17"]
[EventType "tourn"]
[EventRounds "7"]
[EventCountry "CRO"]
[SourceTitle "EXT 2010"]
[Source "ChessBase"]
[SourceDate "2010.11.25"]
[SourceVersion "1"]
[SourceVersionDate "2010.11.25"]
[SourceQuality "1"]

1. e4 c5 2. Nf3 Nc6 3. c3 e6 4. d4 cxd4 5. cxd4 Bb4+ 6. Nc3 Nf6 7. Bd3 d5 8. e5 Ne4 9. Qc2 Qa5 10. Bd2 Nxd2 11. Qxd2 Bd7 12. 0-0 Rc8 13. Qg5 g6 14. Qf6 Rg8 15. Ng5 Nd8 16. Nxh7 Be7 17. Qf4 Qb4 18. Rab1 a6 19. Ne2 Bb5 20. Bxb5+ Qxb5 21. Nc3 Qc4 22. Rbc1 Rh8 23. Nf6+ Bxf6 24. Qxf6 Rh5 25. Ne2 1-0

[Event "Ivanic Grad CC-ch"]
[Site "Ivanic Grad"]
[Date "2008.03.02"]
[Round "4"]
[White "Strniscak, Tomislav"]
[Black "Bozilevic, Dean"]
[Result "1-0"]
[WhiteElo "2164"]
[BlackElo "2081"]
[PlyCount "121"]
[EventDate "2008.02.17"]
[EventType "tourn"]
[EventRounds "7"]
[EventCountry "CRO"]
[SourceTitle "EXT 2010"]
[Source "ChessBase"]
[SourceDate "2010.11.25"]
[SourceVersion "1"]
[SourceVersionDate "2010.11.25"]
[SourceQuality "1"]

1. e4 c5 2. Nf3 e6 3. d4 cxd4 4. Nxd4 a6 5. c4 Nf6 6. Nc3 Bb4 7. Bd3 Bxc3+ 8. bxc3 d6 9. Ba3 Qc7 10. Qa4+ Nbd7 11. e5 dxe5 12. Nb5 axb5 13. Qxa8 Nc5 14. Bxc5 Qxc5 15. Qa5 e4 16. Be2 Bd7 17. Qb4 Qxb4 18. cxb4 bxc4 19. Bxc4 b5 20. Bb3 0-0 21. 0-0 Ra8 22. Rac1 Ra7 23. Rfd1 Kf8 24. Rc5 Rb7 25. Rd4 Ke7 26. h3 h5 27. Kf1 g6 28. Ke2 Rb6 29. Rc7 Rd6 30. Ke3 Nd5+ 31. Bxd5 exd5 32. Rd2 Ke6 33. Kd4 f5 34. Rdc2 g5 35. R2c3 f4 36. Ra3 g4 37. Ra8 f3 38. gxf3 exf3 39. Rh8 gxh3 40. Rxh5 Ke7 41. Rxh3 Kd8 42. Rxd7+ Kxd7 43. Rxf3 Kc6 44. Rc3+ Kd7 45. f4 Rf6 46. Ke5 Rh6 47. Kxd5 Rh2 48. a3 Rf2 49. Ke5 Re2+ 50. Kd4 Rf2 51. Ke4 Re2+ 52. Re3 Rf2 53. Rf3 Re2+ 54. Kd5 Rc2 55. f5 Ke7 56. f6+ Kf7 57. Kd6 Rc1 58. Rf5 Rc3 59. Rxb5 Rxa3 60. Rf5 Ra6+ 61. Kc7 1-0